Meditationes Sacrae, Ad Veram Pietatem Excitandam & interioris hominis profectum, promovendum commodatae : Item Exercitium Pietatis quotidianum quadri-partitum. Editio emendatior, additisque Scripturae S. & Patrum testimoniis

Bibliographic Details
Main Author: Gerhard, Johann, 1582-1637 (Author)
Corporate Authors: Nisius, Johann (Jena, Nemecko) (Printer), Nisius, Johann Zacharias (Jena, Nemecko) (Printer)
Format: Book
Language:Latin
PhysicalDescription:2 nečíslované listy, 529 strán 11 cm
Published: Jenae Sumtu Jo. Theod. Fleischeri. Anno MDCLXXXV (1685)
Edition:Editio emendatior, additisque Scripturae S. & Patrum testimoniis
Subjects:

MARC

LEADER 00000nam a2200000 4500
001 vtls011912225
003 SK-MaSNL
005 20260301185621.0
008 200121s1685 gw a 0 1n0 lat
015 |a SNBHFA1685 
040 |a SNKHF  |b slo  |c SNKHF  |e rda 
041 0 |a lat 
044 |a gw  |c DE 
072 7 |a 27-1/-2  |x Kresťanská teológia. Dogmatická teológia  |2 konspekt 
072 7 |a 2-1  |x Prirodzená teológia. Náboženská filozofia  |2 konspekt 
080 |a 27-4  |2 2011 
080 |a 2-1  |2 2011 
100 1 |a Gerhard, Johann,  |d 1582-1637  |4 aut  |9 352651 
245 1 0 |a Meditationes Sacrae,  |b Ad Veram Pietatem Excitandam & interioris hominis profectum, promovendum commodatae : Item Exercitium Pietatis quotidianum quadri-partitum. Editio emendatior, additisque Scripturae S. & Patrum testimoniis  |c Opera Et Studio Johannis Gerhardi, Ss. Theol. D. & in Acad. Jeneni. Profess. 
250 |a Editio emendatior, additisque Scripturae S. & Patrum testimoniis 
264 1 |a Jenae  |b Sumtu Jo. Theod. Fleischeri.  |c Anno MDCLXXXV (1685) 
264 3 |a Jenae  |b Typis Io. Zach. & Vid. Io. Nissii 
300 |a 2 nečíslované listy, 529 strán  |c 11 cm 
336 |a text  |b txt  |2 rdacontent 
337 |a bez média  |b n  |2 rdamedia 
338 |a zväzok  |b nc  |2 rdacarrier 
500 |a Ozdobné iniciálky s pozadím na 6r., vinety, linky, medirytinové ilustrácie 
501 |a Príväzok 1.: GERHARD, Johann. Exercitivm Pietatis Qvotidianvm Qvadripartitvm. Jenae: Sumtu Jo. Theod. Fleischeri - Typis Io. Zach & Haer. Io Nisii, MDCLXXXVI (1686).  |5 SNK IE 10232 
504 |a Register 
510 4 |a VD17  |c 3:604810N 
546 |a Latinčina 
561 |a Z knižnice Učenej spoločnosti Malohontskej.  |5 SNK IE 10232 
562 |a Defekt: chýba titulný list a strany 1-4.  |5 SNK IE 10232 
562 |a Rukopisné poznámky na posledných listoch knižného bloku a na podsádke knihy.  |5 SNK IE 10232 
563 |a Väzba: pôvodná hnedá koža - poškodená, zachované torzá kovových časti po sponách.  |5 SNK IE 10232 
650 0 7 |a teológia  |2 SNKPH  |9 1814 
650 0 7 |a praktická teológia  |2 SNKPH  |9 1806 
700 1 |a Habermann, Johann,  |d 1516-1590  |4 oth  |9 128087 
710 0 |a Fleischer, Johann Theodor (Jena, Nemecko),  |d 1670-1690  |4 pbl  |9 563782 
710 0 |a Nisius, Johann (Jena, Nemecko)  |4 prt  |9 349943 
710 0 |a Nisius, Johann Zacharias (Jena, Nemecko)  |4 prt  |9 438638 
752 |a Nemecko  |d Nemecko 
852 |a snk  |b Historické fondy  |p IE 10232 
958 |a DC 
999 |c 864639  |d 866569 
952 |t MHC II.Bg.416, 1757  |a SNK  |b SNK  |c SNK_HF  |y PREZ  |7 0  |p 17A1394964  |o snkIE 10232  |i snk2020/1226  |8 5  |0 0  |1 0  |4 0  |d 2020-01-21  |l 0  |r 2026-02-24 05:23:20  |w 2026-02-24